00676 2200205 4500001002100000005001700021008004100038035002400079040001200103082001600115090002100131100002200152245011900174260005800293300002700351500004800378650001400426850001200440990001800452INLIS00000000002323820161017144501.0  0010-101600000000190 aYOPDYOG 223a332.777 aSK 332.777 Kur P aKURNIAWAN SUTANTO aPelaksanaan perjanjian pinjam meminjam uang di Perum Pegadaian cabang Sentul, Kota Yogyakartac/ Kurniawan Sutanto aYogyakartabUniversitas Muhammadiyah Yogyakartac2003 aix, 116 hlm.c; 30 cm. aSkripsi Universitas Muhammadiyah Yogyakarta aPegadaian aYOPDYOG a45300-PD/A.12